| 000 | 00792nam a2200241 a 4500 | ||
|---|---|---|---|
| 001 | 51452 | ||
| 003 | BD-RjUL | ||
| 005 | 20211209075649.0 | ||
| 008 | 160831b1959 enk||||| |||| 00| 0 eng d | ||
| 035 | _a(BD-RjUL) 51572 | ||
| 040 |
_aBD-RjUL _beng _cBD-RjUL _dBD-RjUL |
||
| 041 | _aeng | ||
| 082 |
_223 _a519 _bDEP 1959 |
||
| 100 | 1 | 0 |
_aDerman, Cyrus _9153877 |
| 245 |
_aProbability and statistical inference for engineers : a first course _ba first course / _cCyrus Derman; Morton Klein |
||
| 300 |
_axii, 144 p. ; _c18 cm. |
||
| 490 | _aUniversity texts in the mathematical sciences. | ||
| 650 |
_aProbabilities. _9153878 |
||
| 650 |
_aMathematical statistics. _9153879 |
||
| 700 |
_aKlein ,Morton _9153880 |
||
| 856 | _3University texts in the mathematical sciences. | ||
| 942 |
_2ddc _cBK |
||
| 999 |
_c51452 _d51452 |
||